Geografia Europy Środkowej A-Z - Statystyki

Ogólne statystyki
  • Ten quiz został rozwiązany 43 razy
  • Średni wynik to 19 z 26
Statystyki odpowiedzi
Litera Pytanie Odpowiedź % Poprawnych
B Jakie morze graniczy z Niemcami i Polską? Bałtyckie
100%
E Jaka jest waluta niektórych państw Europy Środkowej, na przykład Austrii czy Słowenii? Euro
100%
D Jaka jest najdłuższa rzeka w Europie Środkowej i w ogóle całej Europie? Dunaj
97%
H Jakie państwo graniczy z Niemcami od zachodu? Holandia
97%
A Jakie pasmo górskie leży w południowo-zachodniej Europie Środkowej? Alpy
95%
J Od jakiego państwa Słowenia ogłosiła niepodległość w 1991 roku? Jugosławia
95%
Ł Flaga Austrii jest podobna do flagi jakiego państwa? Łotwa
92%
U Do jakiej organizacji międzynarodowej należą wszystkie państwa Europy Środkowej oprócz Szwajcarii i Liechtensteinu? Unia Europejska
92%
Ż Flaga Niemiec ma trzy kolory: czarny, czerwony i... Żółty
92%
P Jakie morze graniczy z Niemcami od zachodu? Połnocne
90%
T Jakie jest najwyższe pasmo górskie w łańcuchu Karpat? Tatry
90%
C Jakie państwo graniczy z Słowenią i Węgrami od południa? Chorwacja
87%
Ś Stolicą jakiego województwa są Kielce? Świętokrzyskie
87%
S Z jakim państwem graniczą Węgry od Południa? Serbia
85%
R W jakim zagłębiu przemysłowym leżą takie miasta jak: Essen, Bonn czy Duisburg? Ruhry
77%
I Jakie jest największe miasto w Polsce na tą literę? Inowrocław
74%
V Jakie miasto jest stolicą Liechtensteinu? Vaduz
74%
O Jakie czeskie miasto leży blisko granicy z Polską? Ostrawa
72%
F Jakie niemieckie miasto jest siedzibą Europejskiego Banku Centralnego? Frankfurt nad Menem
59%
M Radom, Lublin i Tarnów to miasta leżące w jakiej krainie historycznej? Małopolska
59%
Z Z jakim dawnym państwem graniczyła Europa Środkowa od wschodu? Związek Radziecki
51%
G Jakie jezioro jest podzielone między Szwajcarię i Francję? Genewskie
49%
L Jakie jest trzecie największe miasto w Austrii? Linz
46%
W Na jakim niezamieszkałym półwyspie doszło do oficjalnego rozpoczęcia II wojny światowej? Westerplatte
41%
K Jakie jest największe miasto na wybrzeżu w Słowenii? Koper
18%
N Jakie miasto jest stolicą węgierskiego komitatu Szabolcs-Szatmár-Bereg? Nyiregyhaza
10%
Nie znaleziono quizów pasujących do podanych kryteriów
Rozkład punktacji
Procent ludzi z każdym wynikiem
Percentyl według liczby udzielonych odpowiedzi
Twoja historia wyników
Nie rozwiązałeś tego quizu